000 00570nam a22001817a 4500
999 _c62949
_d62949
003 Ge_BSU
005 20250328103719.0
008 250328s1976 enk||||| |||| 00| 0 eng d
020 _a0407313028x
041 _aeng
080 _a616.1 M-78
245 _aModern Trends in Psychosomatic Medicine 3 /
_cEditer O.W. Hill.
264 _aLondon :
_bButterworth,
_c1976.
300 _a520 p.;
_b22 cm.
653 _aფსიქოსომატური მედიცინა
700 _aHill, O.W.
_eრედაქტორი
_924707
942 _2udc
_cᲬᲘᲒᲜᲘ